00285nam a2200109Ia 450000500170000000800410001710000220005824500650008026000100014530000110015565000090016620260328101446.0260328s9999||||xx |||||||||||||| ||und|| aTaylor, John F.A. 0aDesign and Expression in the Visual Arts /cJohn F.A. Taylor bDover a245 p. aARTE